000 00628nab a2200193 4500
001 244442
003 OSt
005 20250710075917.0
007 tu
008 200917s2020|||||||
040 _aDE-2950
_cDE-2950
245 0 0 _aKlinikum Frankfurt erhält Gütesiegel
_bAuszeichnung. Das Endo-Prothetik-Zentrum hat die strengen Qualitätskriterien erfüllt und sich erfolgreich auditieren lassen/
_cred
264 _c2024
653 _aFrankfurt (Oder)
653 _aKlinikum
653 _aEndo-Prothetik-Zentrum
773 0 _g36. Jahrgang (2025) Nr. 154 vom 05.07.2025, S. 17 mit Foto
_tMärkische Oderzeitung
942 _2z
_cA
999 _c373880
_d373880